00440 2200181 4500001002100000005001500021035002000036008004100056245004200097100002000139250000600159260003400165300001100199084001400210082000800224650001400232990001200246INLIS00000000000023320240502023749 a0010-0424000209240502 0 ind 1 a90 Kerajinan Tangan /cAnita Van Saan aVan Saan, Anita a1 aSolo :bTiga Serangkai,c2008 a64 hlm a700 ANI k a700 4aNon Fiksi a0732421